[Event "Poznan op-A"]
[Site "Poznan"]
[Date "2004.07.21"]
[Round "6"]
[White "Chojnacki, Krzysztof"]
[Black "Wieclaw, Michal"]
[Result "1-0"]
[WhiteElo "2306"]
[BlackElo "2169"]
[PlyCount "51"]
[EventDate "2004.07.17"]
[EventType "swiss"]
[EventRounds "9"]
[EventCountry "POL"]
[SourceTitle "EXT 2008"]
[Source "ChessBase"]
[SourceDate "2007.11.25"]
[SourceVersion "1"]
[SourceVersionDate "2007.11.25"]
[SourceQuality "1"]

1. e4 e6 2. d4 d5 3. Nd2 Nf6 4. e5 Nfd7 5. Bd3 c5 6. c3 Nc6 7. Ne2 cxd4 8. cxd4 Qb6 9. Nf3 f6 10. exf6 Nxf6 11. 0-0 Bd6 12. b3 0-0 13. Bb2 Bd7 14. Ng3 Kh8 15. Qe2 Nb4 16. Ba3 a6 17. Bxb4 Bxb4 18. Rad1 Rae8 19. Ne5 Bc3 20. Nh5 Bb5 21. Nxf6 gxf6 22. Qh5 Bxd3 23. Rxd3 Bxd4 24. Nd7 Qb4 25. a3 Bxf2+ 26. Rxf2 1-0

[Event "Poznan op-A"]
[Site "Poznan"]
[Date "2004.07.19"]
[Round "4"]
[White "Sergeev, Vladimir"]
[Black "Wieclaw, Michal"]
[Result "1-0"]
[WhiteElo "2430"]
[BlackElo "2169"]
[PlyCount "77"]
[EventDate "2004.07.17"]
[EventType "swiss"]
[EventRounds "9"]
[EventCountry "POL"]
[SourceTitle "EXT 2008"]
[Source "ChessBase"]
[SourceDate "2007.11.25"]
[SourceVersion "1"]
[SourceVersionDate "2007.11.25"]
[SourceQuality "1"]

1. d4 Nf6 2. Nf3 c5 3. d5 b5 4. c4 Bb7 5. a4 b4 6. g3 e6 7. Bg2 exd5 8. Nh4 g6 9. b3 Bg7 10. Bb2 0-0 11. cxd5 d6 12. 0-0 Nbd7 13. a5 Re8 14. Re1 Ba6 15. Nd2 Qe7 16. Qc2 Ng4 17. Bxg7 Kxg7 18. e3 Nde5 19. Bf1 Bxf1 20. Rxf1 f5 21. Ng2 Nf6 22. Nf4 Qf7 23. Nc4 Qe7 24. f3 Kg8 25. Rae1 g5 26. Nd3 Nxd5 27. Ndxe5 dxe5 28. Qxf5 Nc3 29. Rf2 Rad8 30. Rg2 h6 31. h4 Qe6 32. g4 gxh4 33. Qh5 Qf7 34. Qxh6 Qxf3 35. Qg5+ Kf7 36. Nxe5+ Rxe5 37. Qxe5 h3 38. Rf2 Ne2+ 39. Kf1 1-0

[Event "Poznan op-A"]
[Site "Poznan"]
[Date "2004.07.18"]
[Round "3"]
[White "Wieclaw, Michal"]
[Black "Stryjecki, Marek"]
[Result "1/2-1/2"]
[WhiteElo "2169"]
[BlackElo "2432"]
[PlyCount "58"]
[EventDate "2004.07.17"]
[EventType "swiss"]
[EventRounds "9"]
[EventCountry "POL"]
[SourceTitle "EXT 2008"]
[Source "ChessBase"]
[SourceDate "2007.11.25"]
[SourceVersion "1"]
[SourceVersionDate "2007.11.25"]
[SourceQuality "1"]

1. e4 c5 2. Nf3 e6 3. d4 cxd4 4. Nxd4 a6 5. Bd3 Qb6 6. Nb3 Qc7 7. Be3 Nf6 8. 0-0 Be7 9. c4 d6 10. N1d2 Nbd7 11. f4 b6 12. Qf3 Bb7 13. Rac1 Rc8 14. g4 h5 15. g5 Ng4 16. Bd4 e5 17. h3 exd4 18. hxg4 hxg4 19. Qxg4 Nc5 20. Rf3 Ne6 21. Rcf1 a5 22. g6 Bf6 23. Rh3 Ke7 24. gxf7 Rcf8 25. Nc1 Bc8 26. Rxh8 Rxh8 27. Qg3 g5 28. Ne2 Rf8 29. Nf3 g4 1/2-1/2